000 00334nam a2200145Ia 4500
008 191201s2008 xx 000 0 und d
082 _a006.696
_bMEM
100 _aMEADE,Tom
245 0 _aMaya 8: The Complete Reference
250 _aRep
260 _aN.Delhi
_bTMH
_c2008
300 _a691
650 _aB.Tech(IT)
942 _2ddc
_cBK
999 _c4025
_d4025